| 000 | 00000nam##2200000za#4500 |
| 001 | 9.623487 |
| 003 | CaOODSP |
| 005 | 20200706134903 |
| 007 | ta |
| 008 | 150406|1995||||xxc||||| f|0| 0 fre|d |
| 020 | |a0-662-99185-0 |
| 022 | |a1200-5231 |
| 040 | |aCaOODSP|bfre |
| 043 | |an-cn--- |
| 086 | 1 |aCS11-0019/81F |
| 245 | 00|aStatistiques socio-économiques et politique publique : |bnouveau rôle pour les modèles de microsimulation / |cpar Michael C. Wolfson. |
| 260 | |aOttawa - Ontario : |bStatistique Canada. |c1995. |
| 300 | |a24p. : |bgraphiques, références, tableaux ; |c28 cm. |
| 490 | 1 |aDocuments de recherche|x1200-5231|vN° 81 |
| 500 | |a«Nous examinons brièvement ici l'état des cadres d'utilisation des statistiques sociales et économiques, y compris les genres d'indicateurs socio-économiques que les utilisateurs pourraient désirer. Ces indicateurs sont premièrement justifiés, en termes généraux, par des principes de base et des concepts intuitifs, ce laisse de côté les détails de leur construction, pour le moment. Ensuite, nous montrons comment une structure cohérente de tels indicateurs peut être assemblée.»--Résumé. |
| 520 | 3 |aNous examinons brièvement ici l'état des cadres d'utilisation des statistiques sociales et économiques, y compris les genres d'indicateurs socio-économiques que les utilisateurs pourraient désirer. Ces indicateurs sont premièrement justifiés, en termes généraux, par des principes de base et des concepts intuitifs, ce laisse de côté les détails de leur construction, pour le moment. Ensuite, nous montrons comment une structure cohérente de tels indicateurs peut être assemblée.--Résumé |
| 563 | |aCouverture souple |
| 590 | |a95-34|b1995-08-25 |
| 691 | 07|aÉconomie|2gcpds |
| 710 | 2 |aStatistique Canada. |bDirection des études analytiques. |
| 720 | 1 |aWolfson, Michael C. |
| 775 | 08|tSocio-economic statistics and public policy : |w(CaOODSP)9.612517 |
| 776 | 0#|tStatistiques socio-économiques et politique publique : |w(CaOODSP)9.604312 |
| 830 | #0|aDocuments de recherche,|x1200-5231|vN° 81|w(CaOODSP)9.512877 |